000 01114nam a2200289 a 4500
001 47504
003 BD-RjUL
005 20211209054330.0
008 160809r20041989bg ||||| |||| 00| 0 ben d
020 _a9840744712
_c: TK 70.00
035 _a(BD-RjUL)47623
040 _aBD-RjUL
_bben
_cBD-RjUL
041 _aben
082 _223
_a305.42
_bBEN 2004
100 1 _aবেগম, মালেকা
_9120329
245 1 0 _aনারীমুক্তি আন্দোলন /
_cমালেকা বেগম
250 _a২য় সং.
260 _aঢাকা :
_bবাংলা একাডেমী,
_c১৯৮৯ [পুনর্মুদ্রণ ২০০৪]
300 _a[১০], ১০০ পৃ. ;
_c১৮সেমি.
490 _aবাএ ;
_v৪৪৬২
490 _aভাষা-শহীদ গ্রন্থমালা
650 _aনারী অধিকার
_9144435
650 _aWomen Rights
_9144436
830 _aবাএ ;
_v৪৪৬২
_9237804
830 _aভাষা-শহীদ গ্রন্থমালা
_9237805
942 _2ddc
_cBK
999 _c47504
_d47504